000 00759nam a2200253Ia 4500
003 OSt
005 20220918224106.0
006 a|||||r|||| 00| 0
007 ta
008 220917b |||||||| |||| 00| 0 eng d
024 _a226,459
037 _cTextual
040 _aARTS
_cARTS
_beng
041 _2eng
_aeng
082 _aO111,1N30x:g, N3
100 _aGelpi Barbara Charlesworth Ed.
_9146076
245 0 _aAdrienne Rich's poetry and prose
260 _aNew York
_bW.W. Northon & Company
_c1993
300 _axiii, 434p.
_ccm.
490 _aA norton critical edition
700 _a Gelpi Albert Ed.
_912534
942 _hO111,1N30x:g, N3
_cTEXL
_2CC
999 _c280173
_d280173